| 000 | 00925nam a22002657a 4500 | ||
|---|---|---|---|
| 003 | EG-ScBUE | ||
| 005 | 20211202121156.0 | ||
| 008 | 110821s1995 ua f 000 00 ara d | ||
| 017 | _a1995 / 9786 | ||
| 020 | _a9770145785 | ||
| 040 |
_aEG-ScBUE _bara _erda _cEG-ScBUE _dEG-ScBUE |
||
| 082 | 0 | 4 |
_a892.7309 _bق ط ب _222 |
| 100 | 1 |
_926817 _aقطب، محمد، _eمؤلف. |
|
| 245 | 1 | 2 |
_aالرؤى والأحلام : _bقراءة في نصوص روائية / _cمحمد قطب. |
| 264 | 1 |
_aالقاهرة : _bالهيئة المصرية العامة للكتاب، _c1995. |
|
| 300 |
_a307 صفحة ؛ _c24 سم |
||
| 336 |
_2rdacontent _aنص _btxt |
||
| 337 |
_2rdamedia _aبدون وسيط _bn |
||
| 338 |
_2rdacarrier _aمجلد _bnc |
||
| 650 | 7 |
_926818 _aالقصة العربية _xتاريخ ونقد. _2BUEsh |
|
| 651 | _2BUEsh | ||
| 653 |
_cAugust2011 _bARALIT |
||
| 655 |
_vReading book _934232 |
||
| 942 |
_2ddc _cBB |
||
| 999 |
_c15884 _d15884 |
||